Loading...
| Literature - American | 0 | 5 | 0 | 1 | 50 | 95 | 123.60 | 0 | 5 | 0.00 | 0.00 |
| History - American | 0 | 4 | 2 | 0 | 30 | 97 | 116.50 | 0 | 4 | 0.00 | 0.00 |
| History - World | 1 | 2 | 1 | 2 | 30 | 55 | 111.67 | 0 | 3 | 0.00 | 0.00 |
| Science - Other | 1 | 1 | 0 | 1 | 25 | 65 | 101.00 | 0 | 2 | 0.00 | 0.00 |
| Fine Arts - Auditory | 0 | 2 | 0 | 0 | 20 | 79 | 83.50 | 1 | 2 | 0.00 | 0.00 |
| Religion | 0 | 2 | 0 | 0 | 20 | 99 | 104.50 | 1 | 2 | 0.00 | 0.00 |
| Fine Arts - Other | 0 | 2 | 0 | 0 | 20 | 108 | 112.00 | 0 | 2 | 0.00 | 0.00 |
| History - European | 1 | 0 | 0 | 0 | 15 | 77 | 77.00 | 0 | 1 | 0.00 | 0.00 |
| Literature - British | 0 | 1 | 0 | 1 | 10 | 152 | 152.00 | 0 | 1 | 0.00 | 0.00 |
| Philosophy | 0 | 1 | 0 | 0 | 10 | 90 | 90.00 | 0 | 1 | 0.00 | 0.00 |
| Fine Arts - Visual | 0 | 1 | 1 | 0 | 5 | 91 | 91.00 | 1 | 1 | 0.00 | 0.00 |